000 00578nam a2200181Ia 4500
008 090201s9999 xx 000 0 und d
010 _aKPL-65927
040 _bमराठी
041 _aमराठी
082 _a1840
_b65927
100 _aवासंती घैसास
245 _aसाद पूर्व घाटाची
_cवासंती घैसास
250 _a1
260 _c2003
_bस्नेहल प्रकाशन
300 _a127
_bमध्यम
600 _aसाद पूर्व घाटाची
942 _cBOOK
999 _c202934
_d202934